Potato Dishes - Sudden Death - Statistics

General Stats
  • This quiz has been taken 172 times
  • The average score is 4 of 16
Answers on the Grid
Answers color-coded by a green-red scale on the quiz's grid according to % correct below.
Gratin dauphinois
Poutine
Tourtière du Lac-Saint-Jean
Cottage pie
Aligot
Gnocchi al Castelmagno
Stamppot
Spanish tortilla
Fish and chips
Hash brown
Gröstl
Bryndzové halušky
Kumpir
Quarkkäulchen
Aloo matar
Piedmont salad / Piedmontese salad
Philly cheesesteak
Bulgogi
Pom
Sopa de patas
Guacamole
Quiche lorraine
Parmigiana di melanzane
Caesar salad
Pastel de choclo
Gratin de chouchou
Fish and brewis
Bethmännchen
 
Answer Stats
Answer % Correct
Hash brown
69%
Fish and chips
58%
Poutine
57%
Gnocchi al Castelmagno
42%
Gratin dauphinois
42%
Cottage pie
40%
Spanish tortilla
31%
Aloo matar
19%
Gröstl
13%
Stamppot
9%
Aligot
8%
Tourtière du Lac-Saint-Jean
8%
Piedmont salad / Piedmontese salad
7%
Quarkkäulchen
6%
Kumpir
5%
Bryndzové halušky
4%
No matching quizzes found
Score Distribution
Percent of People with Each Score
Percentile by Number Answered
Your Score History
You have not taken this quiz